| 000 | 01256nam a22001937a 4500 | ||
|---|---|---|---|
| 005 | 20240124150423.0 | ||
| 010 | _aB-757189-194 | ||
| 020 |
_a9788196140922 _c275.00 |
||
| 035 | _aB-757189-194 | ||
| 037 | _bअक्षरेश एंटरप्राइज़ेज़ | ||
| 082 | _a000 | ||
| 245 |
_aझारखण्ड GK/GS तश्यावलोकन: _cसंपादक एन.एन.ओझा _bपाठ्यक्रम के अनुरूप/ |
||
| 260 |
_aउत्तर प्रदेश _bक्रॉनिकल पब्लिकेशन प्रा.लि. _c2023 |
||
| 270 |
_aए-27डी, सेक्टर-16, नोएडा _bउत्तर प्रदेश _e201301 |
||
| 300 |
_a260पृ. _c28सेमी(अजिल्द) |
||
| 700 |
_aओझा,एन.एन. _eसंपादक _961076 |
||
| 942 |
_2ddc _cHN _h000 _mझारख |
||
| 999 |
_c200306 _d200306 |
||